000 01185cam a2200265 a 4500
003 CO-ViMGA
005 20230915224041.0
008 971021r19972002ck r 00011dspa d
020 _a9583004448
040 _aCO-ViMGA
_bspa
_cCO-ViMGA
043 _ae-sp---
082 0 4 _a863.32
_b C378i
100 1 _aCervantes Saavedra, Miguel de,
_d1547-1616.
_911097
245 1 3 _aEl ingenioso hidalgo don Quijote de La Mancha /
_cMiguel de Cervantes Saavedra ; introducción y anotaciones Jaime García Maffla ; grabados Ricardo Balaca y José Luis Pellicer.
250 _aEdición Martha Luz Tirado Fandiño.
260 _aSantafé de Bogotá :
_bPanamericana Editorial,
_c1997.
300 _axviii, 872 [12] p. ;
_c24 cm.
500 _aEl presente texto íntegro, ha sido cotejado con la edición de José Ballesta editor, Buenos Aires, 1945, a su vez tomada de la edición príncipe de 1605 y la de 1608.
650 1 4 _aNovela española.
_9801
700 1 _aBalaca, Ricardo,
_eil.
_911100
700 1 _aGarcía Maffla, Jaime,
_d1944-
_911099
700 1 _aPellicer, José Luis,
_d1842-1901,
_eil.
_911101
700 1 _aTirado Fandiño, Martha Luz,
_eed.
_911098
942 _2ddc
_cBK
999 _c11225
_d11225